BIBLIOTECA PODER JUDICIAL
Portal Judicial TDF

Michel Foucaul: (Registro nro. 100)

000 -LEADER
fixed length control field 00998nam a22002177a 4500
003 - CONTROL NUMBER IDENTIFIER
control field OSt
005 - DATE AND TIME OF LATEST TRANSACTION
control field 20190104065735.0
008 - FIXED-LENGTH DATA ELEMENTS--GENERAL INFORMATION
fixed length control field 180313b xxu||||| |||| 00| 0 spa d
040 ## - CATALOGING SOURCE
Transcribing agency PJ
100 ## - ASIENTO PRINCIPAL - NOMBRE DE PERSONA
9 (RLIN) 115
Personal name Sauquillo González, Julián
245 10 - MENCIÓN DE TÍTULO
Título propiamente dicho Michel Foucaul:
Parte restante del título una filosofía de la acción /
Mención de responsabilidad, etc Julián Sauquillo González.
260 ## - PUBLICATION, DISTRIBUTION, ETC. (IMPRINT)
Place of publication, distribution, etc Madrid :
Name of publisher, distributor, etc Centro de Estudios Constitucionales,
Date of publication, distribution, etc 1989.
300 ## - DESCRIPCION FISICA
Extent 459 p.
Dimensions 21 cm.
490 ## - MENCION DE SERIE
Mención de Serie El derecho y la Justicia
Designación numérica/secuencial del volumen 10
500 ## - NOTA GENERAL
General note Citas y notas bibliográficas a pie de página.
504 ## - NOTA DE BIBLIOGRAFÍA, ETC.
Bibliography, etc Bibliografía: p. 395-440.
505 ## - FORMATTED CONTENTS NOTE
Formatted contents note Contenido:<br/>Primera parte - introducción -- 1. Ontología e historia -- 2. Ontología del lenguaje y experiencia de los límites -- 3. La autorregulación del discurso -- 4. Romper el orden del discurso: hacia una insurreción de los saberes sometidos -- 5. La historicidad del poder.<br/>
600 ## - SUBJECT ADDED ENTRY--PERSONAL NAME
Personal name FOUCAULT, MICHEL PAUL, 1926-1984
650 ## - ASIENTO SECUNDARIO DE MATERIA - TERMINO TEMATICO
Topical term or geographic name as entry element FILOSOFIA
9 (RLIN) 393
942 ## - ADDED ENTRY ELEMENTS (KOHA)
Source of classification or shelving scheme
Koha item type Libros
Classification part 101
Item part SAU
Existencias
Withdrawn status Lost status Source of classification or shelving scheme Damaged status Not for loan Permanent Location Current Location Date acquired Full call number Barcode Date last seen Price effective from Koha item type
          Biblioteca Poder Judicial Sur Biblioteca Poder Judicial Sur 2018-03-13 101 SAU 1987 2018-03-13 2018-03-13 Libros

12 de Octubre 789 Ushuaia - Tel:  54(02901)441571
Horario de Atención: 8.00 a 17.00 hs. 
bibliotecaush@justierradelfuego.gov.ar
koha@justierradelfuego.gov.ar
Seguinos en nuestras redes @bibliojustdf 

Con tecnología Koha